Κατάλογος Βιβλιοθηκών Mediterranean College

Στατιστική Μεθοδολογία / Πρώτος Τόμος (Record no. 2844)

MARC details
000 -LEADER
fixed length control field 01796cam a22002054a 4500
005 - ΗΜΕΡΟΜΗΝΙΑ ΚΑΙ ΩΡΑ ΤΕΛΕΥΤΑΙΑΣ ΕΝΗΜΕΡΩΣΗΣ
Πεδίο ελέγχου 20250605164055.0
008 - FIXED-LENGTH DATA ELEMENTS--GENERAL INFORMATION
Πεδίο ελέγχου σταθερού μήκους 250528s ||||||||||||||||||||||||d
035 ## - SYSTEM CONTROL NUMBER
System control number 17423
020 ## - ISBN
ISBN 9602184280
040 ## - ΠΗΓΗ ΚΑΤΑΛΟΓΟΓΡΑΦΗΣΗΣ
Φορέας πρωτότυπης καταλογογράφησης MC Athens Campus Library
Γλώσσα καταλογογράφησης Ελληνικά, Μοντέρνα (1453-)
Modifying agency MC Athens Campus Library
Κανόνες περιγραφικής καταλογογράφησης AACR2
245 1# - ΤΙΤΛΟΣ ΚΑΙ ΔΗΛΩΣΗ ΥΠΕΥΘΥΝΟΤΗΤΑΣ
Τίτλος Στατιστική Μεθοδολογία / Πρώτος Τόμος
250 ## - EDITION STATEMENT
Edition statement
260 ## - PUBLICATION, DISTRIBUTION, ETC.
Name of publisher, distributor, etc. Κριτική - Επιστημονική Βιβλιοθήκη,
Date of publication, distribution, etc. 2005
300 ## - PHYSICAL DESCRIPTION
Extent 356
520 ## - SUMMARY, ETC.
Summary, etc. Το παρόν βιβλίο απευθύνεται σε όσους φοιτητές και σπουδαστές επιθυμούν να εμβαθύνουν στις έννοιες και τις μεθόδους της Στατιστικής, που σήμερα αποτελεί απαραίτητο εργαλείο για τις περισσότερες επιστήμες. Πρόλογος, Εισαγωγή, Περιγραφική Στατιστική, Τα Στατιστικά Στοιχεία και οι Μέθοδοι Συλλογής τους, Παρουσίαση των Στατιστικών Στοιχείων, Ανάλυση των Στατιστικών Στοιχείων, Αριθμοδείκτες, Θεωρία πιθανοτήτων, Έννοια της Πιθανότητας, Διακριτή Τυχαία Μεταβλητή, Διακριτές Θεωρητικές Κατανομές, Διακριτή Τυχαία Διμεταβλητή, Συνεχείς Τυχαίες Μεταβλητές, Συνεχείς Θεωρητικές Κατανομές, Συνεχής Τυχαία Διμεταβλητή, Ασκήσεις, Πίνακες, Ενδεικτική Βιβλιογραφία.
700 1# - ΠΡΟΣΘΕΤΗ ΑΝΑΓΡΑΦΗ--ΦΥΣΙΚΟ ΠΡΟΣΩΠΟ
Personal name Ζαΐρης Ποσείδων Εμμ
9 (RLIN) 3576
942 ## - ADDED ENTRY ELEMENTS (KOHA)
Koha item type Books
Holdings
Τύπος τεκμηρίου Βιβλιοθήκη Τρέχουσα τοποθεσία Barcode Αριθμός εισαγωγής Ημερομηνία απόκτησης Ταξιθετικό σύμβολο Αριθμός αντιτύπου Κατάσταση απόσυρσης Κατάσταση χαμένου Κατάσταση κατεστραμμένου Μη δανεισμός Σύνολο δανεισμών Ημερομηνία τελευταίας εμφάνισης Η τιμή ισχύει από
Books MC Athens Campus Library MC Athens Campus Library 9780000028433 5665 05/06/2025 519 ZAI V.A 1           05/06/2025 05/06/2025

MC Athens Campus Library
Πατησίων 94 & Κοδριγκτώνος 13, 104 34
Πελλήνης 8 & Πατησίων 107, 112 51
Τ: +30 210 8899600

MC Thessaloniki Campus Library
Ίωνος Δραγούμη 21, 54625 | Ίωνος Δραγούμη 15, 54625
Τ: +30 2310 287779 – Τ: +30 2314 440300